| 000 | 00391nam a2200145Ia 4500 | ||
|---|---|---|---|
| 008 | 230711s9999||||xx |||||||||||||| ||und|| | ||
| 041 | _aENG | ||
| 082 |
_a621.89 _bDE-R |
||
| 100 | _aDeb,S.R | ||
| 245 | 0 | _aRobotics technology and flexible automation | |
| 250 | _a1st . Ed. | ||
| 260 |
_c2002 _aNew Delhi _bTata McGraw Hill Education Limited |
||
| 650 | _aMechanical Engineering | ||
| 942 | _cBK | ||
| 999 |
_c4249 _d4249 |
||